| 000 | 00710nam a2200193Ia 4500 | ||
|---|---|---|---|
| 008 | 151121s9999||||xx |||||||||||||| ||und|| | ||
| 082 | _a133/बर्वे | ||
| 082 | _bHNW-65759 | ||
| 100 | _aबर्वे राजेंद्र | ||
| 245 | _aमनोविकार:कथा आणि व्यथा | ||
| 260 | _b"डिंपल प्रकाशन, ठाणे।" | ||
| 260 | _c-- | ||
| 300 | _a240 | ||
| 600 | _aबर्वे राजेंद्र | ||
| 630 | _aमनोविकार:कथा आणि व्यथा | ||
| 700 | _aबर्वे राजेंद्र | ||
| 730 | _aमनोविकार:कथा आणि व्यथा | ||
| 942 | _cBOOK | ||
| 999 |
_c1247263 _d1247260 |
||